Estadísticas para 6 países aleatorios en el mapa mundial en 15 segundos

Haz click aquí para intentar la prueba.

Estadísticas generales

  • Esta prueba ha sido intentada 215 veces
  • La puntuación promedio es 4 de 6

Respuestas en el mapa

Las respuestas están codificadas por una escala verde-roja en el mapa de la prueba según el % correcto abajo.
 

Estadísticas de respuestas

país% Correcto
Afganistán
100%
Argentina
100%
Australia
100%
Bangladés
100%
Bolivia
100%
Bosnia y Herzegovina
100%
Botsuana
100%
Burkina Faso
100%
Cabo Verde
100%
Camboya
100%
Canadá
100%
Catar
100%
Chad
100%
Chequia
100%
Chile
100%
Congo
100%
Côte d'Ivoire
100%
El Salvador
100%
Emiratos Árabes Unidos
100%
Eritrea
100%
Eslovenia
100%
Estados Unidos
100%
Filipinas
100%
Francia
100%
Gabón
100%
Ghana
100%
Guatemala
100%
Honduras
100%
Indonesia
100%
Jamaica
100%
Jordania
100%
Kenia
100%
Laos
100%
Lituania
100%
Malasia
100%
Malaui
100%
Marruecos
100%
Mauricio
100%
Mauritania
100%
Moldavia
100%
Nepal
100%
Noruega
100%
Nueva Zelanda
100%
Omán
100%
Panamá
100%
Paraguay
100%
Perú
100%
Portugal
100%
Reino Unido
100%
Rep Dem Congo
100%
Senegal
100%
Seychelles
100%
Sri Lanka
100%
Suazilandia
100%
Sudáfrica
100%
Suiza
100%
Tayikistán
100%
Turquía
100%
Tuvalu
100%
Ucrania
100%
Uganda
100%
Venezuela
100%
Vietnam
100%
Yibuti
100%
Maldivas
75%
Andorra
50%
Belice
50%
Luxemburgo
50%
Tailandia
50%
Albania
0%
Alemania
0%
Angola
0%
Antigua y Barbuda
0%
Arabia Saudita
0%
Argelia
0%
Armenia
0%
Austria
0%
Azerbaiyán
0%
Bahamas
0%
Barbados
0%
Baréin
0%
Bélgica
0%
Benín
0%
Bielorrusia
0%
Brasil
0%
Brunéi
0%
Bulgaria
0%
Burundi
0%
Bután
0%
Camerún
0%
China
0%
Chipre
0%
Ciudad del Vaticano
0%
Colombia
0%
Comoras
0%
Corea del Norte
0%
Corea del Sur
0%
Costa Rica
0%
Croacia
0%
Cuba
0%
Dinamarca
0%
Dominica
0%
Ecuador
0%
Egipto
0%
Eslovaquia
0%
España
0%
Estonia
0%
Etiopía
0%
Finlandia
0%
Fiyi
0%
Gambia
0%
Georgia
0%
Granada
0%
Grecia
0%
Guinea
0%
Guinea-Bissau
0%
Guinea Ecuatorial
0%
Guyana
0%
Haití
0%
Hungría
0%
India
0%
Irak
0%
Irán
0%
Irlanda
0%
Islandia
0%
Islas Marshall
0%
Islas Salomón
0%
Israel
0%
Italia
0%
Japón
0%
Kazajistán
0%
Kirguistán
0%
Kiribati
0%
Kosovo
0%
Kuwait
0%
Lesoto
0%
Letonia
0%
Líbano
0%
Liberia
0%
Libia
0%
Liechtenstein
0%
Macedonia del Norte
0%
Madagascar
0%
Malí
0%
Malta
0%
México
0%
Micronesia
0%
Mónaco
0%
Mongolia
0%
Montenegro
0%
Mozambique
0%
Myanmar
0%
Namibia
0%
Nauru
0%
Nicaragua
0%
Níger
0%
Nigeria
0%
Países Bajos
0%
Pakistán
0%
Palaos
0%
Papua Nueva Guinea
0%
Polonia
0%
República Centroafricana
0%
República Dominicana
0%
Ruanda
0%
Rumania
0%
Rusia
0%
Samoa
0%
San Cristóbal y Nieves
0%
San Marino
0%
Santa Lucía
0%
Santo Tomé y Príncipe
0%
San Vicente y las Granadinas
0%
Serbia
0%
Sierra Leona
0%
Singapur
0%
Siria
0%
Somalia
0%
Sudán
0%
Sudán del Sur
0%
Suecia
0%
Surinam
0%
Taiwán
0%
Tanzania
0%
Timor-Leste
0%
Togo
0%
Tonga
0%
Trinidad y Tobago
0%
Túnez
0%
Turkmenistán
0%
Uruguay
0%
Uzbekistán
0%
Vanuatu
0%
Yemen
0%
Zambia
0%
Zimbabue
0%

Distribución de puntuación

Porcentaje por número respondido

Porcentaje de gente con cada puntuación

Historial de tus puntuaciones

No has intentado esta prueba.